000 01543nam a22004217a 4500
003 CHAP
005 20220329135603.0
008 971013s1995 r 00010 d
010 _a38906
011 _a39878
035 _a44003
040 _cCHAP
090 _aTesis
100 0 0 _aSantiago Caballero, Medardo.
_9102320
245 _aVariación de caracteres morfológicos y anatómicos de acículas en poblaciones naturales de Pinus durangensis Martínez
260 _aChapingo, Méx. :
_bEl autor,
_c1995
300 _a88 h.
502 _aTesis (Ing. Forestal con Orientación en Silvicultura) -- UACH. División de Ciencias Forestales
590 _aALEPH
_b10
_c20130110
_lUCH01
_h1305
590 _aBATCH-UPD
_b10
_c20130109
_lUCH01
_h2325
590 _aBATCH-UPD
_b10
_c20130110
_lUCH01
_h0144
590 _aBATCH-UPD
_b10
_c20130110
_lUCH01
_h2122
590 _aBATCH-UPD
_b10
_c20130409
_lUCH01
_h1850
590 _aBATCH-UPD
_b10
_c20130409
_lUCH01
_h2217
590 _aBATCH-UPD
_b10
_c20130410
_lUCH01
_h1432
590 _aBATCH-UPD
_b10
_c20130914
_lUCH01
_h1913
590 _aCONVERSION
_b10
_c20130109
_lUCH01
_h1322
650 1 4 _aAgujas de pino.
_93069
650 1 4 _aPináceas
_xChihuahua.
_988221
650 1 4 _aPináceas
_xFisiología y morfología.
_988236
650 1 4 _aPináceas
_xGenética.
_988237
650 1 4 _aPináceas
_zDurango.
_988273
650 1 4 _aPinus durangensis.
_988332
901 _aBK
942 _cFOLL
949 _bBC
_cTES
_d-100689
_eTS1
_h27440
_i44003
_si
949 _bBC
_cTES
_d-100691
_eTS2
_fc.2
_h27441
_i44003
_si
999 _c38906
_d38906